The ABC's of Advanced Prostate Cancer : (Record no. 606023)

MARC details
000 -LEADER
fixed length control field 00480nam a2200181 a 4500
008 - FIXED-LENGTH DATA ELEMENTS--GENERAL INFORMATION
fixed length control field 251230s2000##################000#0#eng##
020 ## - INTERNATIONAL STANDARD BOOK NUMBER
ISBN 9781886947689
082 04 - DEWEY DECIMAL CLASSIFICATION NUMBER
Classification number 616.99463
Item number MOY
100 1# - MAIN ENTRY--AUTHOR NAME
Personal name Moyad, Mark A.,
245 10 - TITLE STATEMENT
Title The ABC's of Advanced Prostate Cancer :
260 ## - PUBLICATION, DISTRIBUTION, ETC. (IMPRINT)
Name of publisher Gale Cengage,
Year of publication 2000.
650 #0 - SUBJECT ADDED ENTRY--TOPICAL TERM
Topical Term Prostate.
942 ## - ADDED ENTRY ELEMENTS (KOHA)
Koha item type English Books
Holdings
Withdrawn status Lost status Damaged status Not for loan Home library Current library Shelving location Date acquired Full call number Accession Number Price effective from Koha item type
        Anna Centenary Library Anna Centenary Library 5TH FLOOR, B WING 30.12.2025 616.99463 MOY 477935 30.12.2025 English Books

Find us on the map